[Event "GER-chT Federal Cup (Women)"]
[Site "Braunfels"]
[Date "2019.06.21"]
[Round "3.7"]
[White "Woniak, Katarzyna"]
[Black "Valkova, Anzhelika"]
[Result "1-0"]
[WhiteElo "1915"]
[BlackElo "1944"]
[PlyCount "97"]
[EventDate "2019.06.20"]
[EventType "team-swiss"]
[EventRounds "5"]
[EventCountry "GER"]
[SourceTitle "CBM 191 Extra"]
[Source "ChessBase"]
[SourceDate "2019.09.30"]
[SourceVersion "1"]
[SourceVersionDate "2019.09.30"]
[SourceQuality "1"]

1. Nf3 Nf6 2. g3 g6 3. Bg2 Bg7 4. 0-0 0-0 5. c4 d6 6. Nc3 c5 7. d3 Nc6 8. Rb1 Nd7 9. Nd5 e6 10. Ne3 Rb8 11. Nc2 b5 12. cxb5 Rxb5 13. d4 cxd4 14. Nfxd4 Nxd4 15. Nxd4 Rb6 16. Be3 Ne5 17. Nb3 Ra6 18. a3 Nc4 19. Bd4 e5 20. Bc3 Be6 21. Nd2 Qb6 22. Nxc4 Bxc4 23. Bb4 Rd8 24. Rc1 Qb5 25. Re1 Bh6 26. e3 d5 27. b3 Bd3 28. Rc5 Qb6 29. Qxd3 e4 30. Qc2 Bf8 31. Bf1 Bxc5 32. Bxc5 Qa5 33. Bb4 Qb6 34. Bxa6 Qxa6 35. Rc1 Qb5 36. Qc7 Ra8 37. Qe5 Re8 38. Qd4 Qd7 39. Bc3 Kf8 40. Qg7+ Ke7 41. Qxh7 Qf5 42. Qg7 Ke6 43. Bd4 Kd7 44. Bxa7 Qf3 45. Qd4 Rd8 46. Qxd5+ Ke8 47. Qe5+ Kf8 48. Bd4 Re8 49. Bc5+ 1-0

[Event "GER-chT Federal Cup (Women)"]
[Site "Braunfels"]
[Date "2014.06.19"]
[Round "1.6"]
[White "Nguyen, Ha Thanh"]
[Black "Woniak, Katarzyna"]
[Result "1/2-1/2"]
[WhiteElo "1479"]
[BlackElo "1877"]
[PlyCount "98"]
[EventDate "2014.06.19"]
[EventType "team-swiss"]
[EventRounds "5"]
[EventCountry "GER"]
[SourceTitle "EXT 2015"]
[Source "ChessBase"]
[SourceDate "2014.11.20"]
[SourceVersion "1"]
[SourceVersionDate "2014.11.20"]
[SourceQuality "1"]
[WhiteTeam "Thueringen (W)"]
[BlackTeam "Bayern (W)"]
[WhiteTeamCountry "GER"]
[BlackTeamCountry "GER"]

1. e4 g6 2. d4 Bg7 3. Nf3 d6 4. c3 Nf6 5. Bd3 Bg4 6. h3 Bxf3 7. Qxf3 e5 8. dxe5 dxe5 9. Bc2 Nbd7 10. Be3 Qe7 11. Nd2 a5 12. a4 0-0 13. 0-0 Nc5 14. Qe2 Nfd7 15. Qc4 Ne6 16. Rfd1 Kh8 17. Nf3 b6 18. Qc6 Rad8 19. b4 Nb8 20. Qc4 Rxd1+ 21. Rxd1 axb4 22. cxb4 c5 23. bxc5 bxc5 24. Rd5 Nd7 25. Qb5 Rd8 26. a5 Bf8 27. Nxe5 Nxe5 28. Rxe5 Qf6 29. Rd5 Qa1+ 30. Qb1 Qxa5 31. Rxd8 Qxd8 32. Qb7 Kg8 33. Qd5 Qf6 34. e5 Qe7 35. Kf1 Qa7 36. Qd1 Bg7 37. f4 Bh6 38. g3 Qb7 39. Kf2 Qb2 40. Qd2 c4 41. Qc1 Qb7 42. Qf1 Qc8 43. Bb1 Bf8 44. Ba2 c3 45. Qc4 Qxc4 46. Bxc4 c2 47. Bc1 Bc5+ 48. Ke2 Nd4+ 49. Kd3 Kf8 1/2-1/2

[Event "GER-chT Federal Cup (Women)"]
[Site "Braunfels"]
[Date "2013.06.01"]
[Round "4.6"]
[White "Woniak, Katarzyna"]
[Black "Wiesner, Paula"]
[Result "1/2-1/2"]
[WhiteElo "1962"]
[BlackElo "1831"]
[PlyCount "184"]
[EventDate "2013.05.30"]
[EventType "team-swiss"]
[EventRounds "5"]
[EventCountry "GER"]
[SourceTitle "EXT 2014"]
[Source "ChessBase"]
[SourceDate "2013.11.20"]
[SourceVersion "1"]
[SourceVersionDate "2013.11.20"]
[SourceQuality "1"]
[WhiteTeam "Bayern (W)"]
[BlackTeam "Baden (W)"]
[WhiteTeamCountry "GER"]
[BlackTeamCountry "GER"]

1. c4 e6 2. Nc3 d5 3. d4 Nf6 4. Nf3 Nbd7 5. cxd5 exd5 6. Bg5 Be7 7. e3 0-0 8. Bd3 Re8 9. 0-0 c6 10. Rc1 Nf8 11. Ne5 Bd6 12. f4 Be7 13. Bb1 N6d7 14. Bxe7 Rxe7 15. a3 Nb6 16. Qd3 f6 17. Nf3 Nc4 18. Nd1 Qe8 19. Rc3 Nd6 20. Ba2 Bf5 21. Qe2 Ne6 22. g3 Nb5 23. Rc1 Nexd4 24. Nxd4 Nxd4 25. Qd2 Nb5 26. a4 Nd6 27. b4 Kh8 28. b5 Rd8 29. bxc6 bxc6 30. Re1 Ne4 31. Qg2 c5 32. g4 Bg6 33. f5 Bf7 34. Bb1 c4 35. Bc2 Nc5 36. Rf1 Ne4 37. Rf4 Re5 38. a5 Qe7 39. Rb1 Re8 40. Ba4 Rd8 41. Bc2 Nd6 42. a6 Be8 43. Rd4 Nb5 44. Rf4 Nd6 45. Rd4 Bc6 46. Qg3 Nb5 47. Rf4 Nc7 48. Ra1 Bb5 49. Rf3 Bxa6 50. Nc3 Rd6 51. Ne2 Nb5 52. Qh3 Qe8 53. Nf4 Kg8 54. Ne6 Bb7 55. g5 d4 56. gxf6 Bxf3 57. Qg3 Qf7 58. Qxe5 d3 59. Qxb5 Rxe6 60. Qxc4 Rxf6 61. Qc8+ Qf8 62. Qc4+ Qf7 63. Qc8+ Qf8 64. Qc4+ Kh8 65. Bxd3 Rc6 66. Qf4 Bd5 67. Rxa7 Rc1+ 68. Kf2 Qf6 69. Ra8+ Bg8 70. Qb8 Qh4+ 71. Kf3 Qh5+ 72. Kf4 Qxh2+ 73. Ke4 Qg2+ 74. Ke5 Qf2 75. Ke4 Qh4+ 76. Kf3 Qh5+ 77. Kf4 Qh2+ 78. Kf3 Qh3+ 79. Kf4 Qh6+ 80. Kf3 Qc6+ 81. e4 Rf1+ 82. Bxf1 Qc3+ 83. Kg4 h5+ 84. Kxh5 Qf3+ 85. Kg5 Qe3+ 86. Kh4 Qf2+ 87. Qg3 Qxf1 88. Kg4 Qd1+ 89. Kg5 Qc1+ 90. Kg4 Qd1+ 91. Kg5 Qc1+ 92. Kg4 Qd1+ 1/2-1/2

[Event "BL2 Sued 0910 (Women)"]
[Site "Germany"]
[Date "2010.01.17"]
[Round "5.4"]
[White "Woniak, Katarzyna"]
[Black "Spiel, Marianne"]
[Result "1/2-1/2"]
[WhiteElo "2005"]
[BlackElo "2035"]
[PlyCount "29"]
[EventDate "2009.11.07"]
[EventType "team-tourn"]
[EventRounds "7"]
[EventCountry "GER"]
[SourceTitle "CBM 133 Extra"]
[Source "ChessBase"]
[SourceDate "2010.01.05"]
[SourceVersion "1"]
[SourceVersionDate "2010.01.05"]
[SourceQuality "1"]
[WhiteTeam "Augsburg (W)"]
[BlackTeam "Bayern Muenchen (W)"]
[WhiteTeamCountry "GER"]
[BlackTeamCountry "GER"]

1. c4 e6 2. Nc3 Nf6 3. Nf3 d5 4. cxd5 exd5 5. d4 c6 6. Bf4 Bf5 7. e3 Nbd7 8. Bd3 Bg6 9. 0-0 Be7 10. h3 0-0 11. Ne5 Nxe5 12. Bxe5 Bd6 13. Bxd6 Qxd6 14. Ne2 Rfe8 15. Nf4 1/2-1/2

[Event "BL2 Sued 0910 (Women)"]
[Site "Germany"]
[Date "2009.12.05"]
[Round "3.4"]
[White "Woniak, Katarzyna"]
[Black "Skibbe, Diana"]
[Result "0-1"]
[WhiteElo "2005"]
[BlackElo "2083"]
[PlyCount "154"]
[EventDate "2009.11.07"]
[EventType "team-tourn"]
[EventRounds "7"]
[EventCountry "GER"]
[SourceTitle "CBM 133 Extra"]
[Source "ChessBase"]
[SourceDate "2010.01.05"]
[SourceVersion "1"]
[SourceVersionDate "2010.01.05"]
[SourceQuality "1"]
[WhiteTeam "Augsburg (W)"]
[BlackTeam "Zeulenroda (W)"]
[WhiteTeamCountry "GER"]
[BlackTeamCountry "GER"]

1. Nf3 Nf6 2. g3 g6 3. Bg2 Bg7 4. 0-0 0-0 5. c4 c6 6. d4 d5 7. cxd5 Nxd5 8. Nc3 Nxc3 9. bxc3 c5 10. Rb1 Nc6 11. Be3 Qa5 12. Qb3 Bf5 13. Rbc1 c4 14. Qxc4 Be6 15. Qd3 Qxa2 16. Nd2 Bf5 17. Qb5 a6 18. Qxb7 Na5 19. Qd5 Qxd5 20. Bxd5 Rad8 21. Bg2 Rc8 22. c4 Nc6 23. Nb3 Nb4 24. Bd2 Rb8 25. e4 Bg4 26. Bxb4 Rxb4 27. Na5 Rc8 28. d5 Bd7 29. c5 Bb5 30. Rfe1 Bd4 31. d6 Rb2 32. Red1 Bxc5 33. Rxc5 Rxc5 34. dxe7 Kg7 35. Bf1 Ba4 36. Ra1 Be8 37. Nc4 Rb7 38. Nd6 Rxe7 39. Bxa6 Bd7 40. Kg2 Rc6 41. Nb5 Rxa6 42. Rxa6 Bxb5 43. Rb6 Bd3 44. f3 Ra7 45. h4 Ra2+ 46. Kh3 Bf1+ 47. Kg4 Ra3 48. Rb2 Ba6 49. Kf4 h6 50. g4 g5+ 51. hxg5 hxg5+ 52. Kxg5 Rxf3 53. e5 Bc8 54. Re2 Be6 55. Re4 Rh3 56. Re1 Rh2 57. Re3 Rg2 58. Re4 Rg1 59. Kh5 Kf8 60. Kg5 Ke7 61. Kh5 Kd7 62. Kg5 Kc6 63. Ra4 Kd5 64. Ra5+ Ke4 65. Ra4+ Kxe5 66. Ra5+ Ke4 67. Ra4+ Kf3 68. Rf4+ Ke3 69. Ra4 Rxg4+ 70. Rxg4 Bxg4 71. Kxg4 Ke4 72. Kg3 f5 73. Kf2 Kf4 74. Kf1 Ke3 75. Ke1 f4 76. Kf1 Kf3 77. Kg1 Ke2 0-1

[Event "GER-chT Federal Cup (Women)"]
[Site "Braunfels"]
[Date "2009.06.07"]
[Round "5"]
[White "Woniak, Katarzyna"]
[Black "Vidonyak, Nellya"]
[Result "1/2-1/2"]
[WhiteElo "1997"]
[BlackElo "2176"]
[PlyCount "55"]
[EventDate "2009.06.04"]
[EventType "team-swiss"]
[EventRounds "5"]
[EventCountry "GER"]
[SourceTitle "CBM 130 Extra"]
[Source "ChessBase"]
[SourceDate "2009.07.02"]
[SourceVersion "2"]
[SourceVersionDate "2009.07.15"]
[SourceQuality "1"]

1. c4 e6 2. Nc3 d5 3. cxd5 exd5 4. d4 c6 5. Nf3 Bf5 6. a3 Nd7 7. Bf4 Ngf6 8. e3 Be7 9. Bd3 Bg6 10. 0-0 Nh5 11. Ne2 Bxd3 12. Qxd3 Nxf4 13. Nxf4 0-0 14. b4 a6 15. Qb3 b5 16. Nd3 Nb6 17. Rfc1 Nc4 18. Nfe5 Qd6 19. a4 f6 20. Nf3 Rfb8 21. a5 Bd8 22. Ra2 Bc7 23. Nc5 f5 24. g3 Kh8 25. Qc2 Qe7 26. Re1 Rf8 27. h4 Bd6 28. Kg2 1/2-1/2

[Event "GER-chT Federal Cup (Women)"]
[Site "Braunfels"]
[Date "2009.06.04"]
[Round "1"]
[White "Hielscher, Ursula"]
[Black "Woniak, Katarzyna"]
[Result "0-1"]
[WhiteElo "1882"]
[BlackElo "1997"]
[PlyCount "54"]
[EventDate "2009.06.04"]
[EventType "team-swiss"]
[EventRounds "5"]
[EventCountry "GER"]
[SourceTitle "CBM 130 Extra"]
[Source "ChessBase"]
[SourceDate "2009.07.02"]
[SourceVersion "2"]
[SourceVersionDate "2009.07.15"]
[SourceQuality "1"]

1. d4 d5 2. c4 e6 3. Nc3 f5 4. Nf3 Nf6 5. Bf4 c6 6. e3 Be7 7. Bd3 0-0 8. 0-0 Ne4 9. Rc1 g5 10. Bxb8 Rxb8 11. Nd2 Bd7 12. cxd5 exd5 13. Ndxe4 fxe4 14. Bb1 g4 15. g3 Rf6 16. Qb3 Kh8 17. Ne2 Bd6 18. Nc3 Qe8 19. Kg2 Qh5 20. Rh1 Rbf8 21. Rcf1 Qf7 22. Nd1 h5 23. Qc2 h4 24. Qe2 Rg6 25. Bc2 c5 26. dxc5 h3+ 27. Kg1 Bb5 0-1

[Event "BL2 Sued 0809 (Women)"]
[Site "Germany"]
[Date "2009.03.07"]
[Round "6.3"]
[White "Woniak, Katarzyna"]
[Black "Erben, Larissa"]
[Result "0-1"]
[WhiteElo "1997"]
[BlackElo "1991"]
[PlyCount "110"]
[EventDate "2008.11.08"]
[EventType "team-tourn"]
[EventRounds "7"]
[EventCountry "GER"]
[SourceTitle "EXT 2010"]
[Source "ChessBase"]
[SourceDate "2010.11.25"]
[SourceVersion "1"]
[SourceVersionDate "2010.11.25"]
[SourceQuality "1"]
[WhiteTeam "Augsburg (W)"]
[BlackTeam "Wolfbusch (W)"]
[WhiteTeamCountry "GER"]
[BlackTeamCountry "GER"]

1. Nf3 d5 2. g3 Nf6 3. Bg2 Bf5 4. c4 c6 5. cxd5 cxd5 6. Qb3 Qc7 7. Nc3 e6 8. d3 Nc6 9. 0-0 Be7 10. Bf4 Qb6 11. Qxb6 axb6 12. Nb5 Kd7 13. Ne5+ Nxe5 14. Bxe5 Rhc8 15. Rfc1 Rxa2 16. h3 Ne8 17. Rxa2 Rxc1+ 18. Kh2 f6 19. Bd4 Bc5 20. b4 Bxd4 21. Nxd4 Bg6 22. g4 Nd6 23. f4 Rb1 24. Nc2 Nb5 25. e4 d4 26. f5 Bf7 27. fxe6+ Bxe6 28. Ra1 Rb3 29. Rd1 Rb2 30. Rc1 Bb3 31. Na1 Ba4 32. Kh1 Nc3 33. Bf1 Ne2 34. Re1 Ng3+ 35. Kg1 Rd2 36. Bg2 Ne2+ 37. Kh1 Nf4 38. Bf1 Nxd3 39. Rb1 Nf2+ 40. Kg1 Nxe4 41. Nb3 Bxb3 42. Bb5+ Kd6 43. Rxb3 Nc3 44. Bc4 b5 45. Bg8 Rd3 46. Kh2 Rd2+ 47. Kg1 b6 48. Bxh7 Kd5 49. Bg6 Kc4 50. Bf7+ Kd3 51. Bd5 Kc2 52. Bf7 d3 53. Ra3 Rd1+ 54. Kf2 Rb1 55. Bg6 Kb2 0-1

[Event "BL2 Sued 0809 (Women)"]
[Site "Germany"]
[Date "2008.11.08"]
[Round "1.1"]
[White "Birkholz, Mary"]
[Black "Woniak, Katarzyna"]
[Result "0-1"]
[WhiteElo "1979"]
[BlackElo "1997"]
[PlyCount "120"]
[EventDate "2008.11.08"]
[EventType "team-tourn"]
[EventRounds "7"]
[EventCountry "GER"]
[SourceTitle "EXT 2010"]
[Source "ChessBase"]
[SourceDate "2010.11.25"]
[SourceVersion "1"]
[SourceVersionDate "2010.11.25"]
[SourceQuality "1"]
[WhiteTeam "Neuperlach (W)"]
[BlackTeam "Augsburg (W)"]
[WhiteTeamCountry "GER"]
[BlackTeamCountry "GER"]

1. c4 e6 2. g3 d5 3. Bg2 c6 4. Qc2 Bd6 5. d4 f5 6. Nf3 Nf6 7. 0-0 0-0 8. Bf4 Ne4 9. Bxd6 Nxd6 10. Nbd2 Qe8 11. Ne5 Qh5 12. e3 g5 13. f3 Nd7 14. Nd3 Nf6 15. Rae1 Bd7 16. h3 Rad8 17. b3 Qg6 18. Ne5 Qg7 19. g4 fxg4 20. fxg4 Be8 21. c5 Nf7 22. e4 Nh8 23. exd5 exd5 24. Rf5 Bd7 25. Nxd7 Nxd7 26. Nf3 h6 27. Re6 Rxf5 28. Qxf5 Rf8 29. Qd3 Rf6 30. Re8+ Rf8 31. Qe3 Ng6 32. Bf1 Qf7 33. Rxf8+ Qxf8 34. Bd3 Qe7 35. Qxe7 Nxe7 36. h4 gxh4 37. Nxh4 Nf6 38. Be2 Ne4 39. a3 Kf7 40. Kg2 Kf6 41. Nf3 Ng6 42. Bd1 Nf4+ 43. Kf1 Ne6 44. Bc2 N4g5 45. Nxg5 hxg5 46. Bf5 Nxd4 47. Bc8 Nxb3 48. Bxb7 Na5 49. Bc8 Ke5 50. Ke2 Kd4 51. Ba6 Kxc5 52. Kd3 Nb3 53. Kc3 Nd4 54. Bd3 Nb5+ 55. Kb3 Nd6 56. Bf1 Ne4 57. Ba6 Kd4 58. Kc2 c5 59. Bb7 Nd6 60. Bc6 Nc4 0-1

[Event "BL2 Sued 0708 (Women)"]
[Site "Germany"]
[Date "2007.11.11"]
[Round "2.3"]
[White "Woniak, Katarzyna"]
[Black "Fischer, Brunhilde"]
[Result "1-0"]
[WhiteElo "1991"]
[BlackElo "1702"]
[PlyCount "99"]
[EventDate "2007.11.10"]
[EventType "team-tourn"]
[EventRounds "7"]
[EventCountry "GER"]
[SourceTitle "EXT 2009"]
[Source "ChessBase"]
[SourceDate "2008.11.26"]
[SourceVersion "1"]
[SourceVersionDate "2008.11.26"]
[SourceQuality "1"]
[WhiteTeam "Augsburg (W)"]
[BlackTeam "Tegernheim (W)"]
[WhiteTeamCountry "GER"]
[BlackTeamCountry "GER"]

1. d4 d5 2. c4 c6 3. Nc3 Nf6 4. cxd5 Nxd5 5. Nf3 e6 6. e4 Nb6 7. Be3 Be7 8. Bd3 0-0 9. 0-0 N8d7 10. Rc1 Nf6 11. h3 Bd7 12. Qe2 Rc8 13. Rfd1 c5 14. Bb1 cxd4 15. Bxd4 Bc5 16. Be5 Qe7 17. Bxf6 Qxf6 18. e5 Qf4 19. Qd3 Qf5 20. Qd2 Qh5 21. Ne4 Be7 22. Rxc8 Rxc8 23. Nd6 Bxd6 24. Qxd6 g5 25. Qd2 g4 26. hxg4 Qxg4 27. Qg5+ Qxg5 28. Nxg5 h6 29. Ne4 Bc6 30. Nf6+ Kf8 31. Rd3 Ke7 32. Rh3 Rh8 33. Be4 Bxe4 34. Nxe4 Nc4 35. f4 Nxb2 36. Rb3 Nc4 37. Rxb7+ Kf8 38. Rc7 Nb6 39. Nd6 Rh7 40. Rxa7 Nd5 41. g3 h5 42. a4 h4 43. gxh4 Nxf4 44. a5 Ng6 45. Rxf7+ Rxf7 46. Nxf7 Ne7 47. a6 Nc6 48. Nd8 Na7 49. Nxe6+ Kf7 50. Nf4 1-0

[Event "BL2 Sued 0708 (Women)"]
[Site "Germany"]
[Date "2007.11.10"]
[Round "1.3"]
[White "Gromova, Iulia"]
[Black "Woniak, Katarzyna"]
[Result "1/2-1/2"]
[WhiteElo "2209"]
[BlackElo "1991"]
[PlyCount "117"]
[EventDate "2007.11.10"]
[EventType "team-tourn"]
[EventRounds "7"]
[EventCountry "GER"]
[SourceTitle "EXT 2009"]
[Source "ChessBase"]
[SourceDate "2008.11.26"]
[SourceVersion "1"]
[SourceVersionDate "2008.11.26"]
[SourceQuality "1"]
[WhiteTeam "Bad Koenigshofen (W)"]
[BlackTeam "Augsburg (W)"]
[WhiteTeamCountry "GER"]
[BlackTeamCountry "GER"]

1. d4 d5 2. c4 e6 3. Nc3 f5 4. Nf3 c6 5. Bf4 Nf6 6. e3 Be7 7. Bd3 0-0 8. 0-0 Ne4 9. Nd2 Bf6 10. f3 Nd6 11. Kh1 Kh8 12. Rb1 b6 13. Ne2 Nf7 14. Ng3 Nd7 15. cxd5 cxd5 16. Rc1 Bg5 17. Bc7 Qe7 18. e4 f4 19. Ne2 e5 20. exd5 Bb7 21. Ne4 Bxd5 22. N2c3 Bxe4 23. Bxe4 Rac8 24. Nd5 Qe6 25. Nb4 exd4 26. Rc6 Qe7 27. Qxd4 Nf6 28. Na6 Nxe4 29. fxe4 Rfe8 30. Re1 Bf6 31. Qf2 Be5 32. Rec1 Bxc7 33. Nxc7 Rf8 34. Qe1 Qd7 35. R6c3 Ne5 36. Rd1 Qf7 37. Nd5 Rxc3 38. Qxc3 f3 39. gxf3 Qxf3+ 40. Qxf3 Nxf3 41. Kg2 Ne5 42. Nc3 Nc4 43. Rd7 a6 44. Nd5 Kg8 45. b3 Ne5 46. Ra7 a5 47. Nxb6 Rf4 48. Rxa5 Rxe4 49. Nd5 Kf7 50. Nc3 Re1 51. Ra4 Rc1 52. Ne2 Rc2 53. Kf1 g5 54. Ra6 g4 55. a4 Nf3 56. Ra7+ Kg8 57. Ra8+ Kf7 58. Ra7+ Kg8 59. Ra8+ 1/2-1/2

[Event "Regionalliga SW 0607"]
[Site "Bayern"]
[Date "2007.04.22"]
[Round "9.3"]
[White "Bonacci, Mauro"]
[Black "Woniak, Katarzyna"]
[Result "1/2-1/2"]
[WhiteElo "2141"]
[BlackElo "1979"]
[PlyCount "94"]
[EventDate "2006.10.15"]
[EventType "team-tourn"]
[EventRounds "9"]
[EventCountry "GER"]
[SourceTitle "EXT 2008"]
[Source "ChessBase"]
[SourceDate "2007.11.25"]
[SourceVersion "1"]
[SourceVersionDate "2007.11.25"]
[SourceQuality "1"]
[WhiteTeam "Zugzwang MSA"]
[BlackTeam "Augsburg"]
[WhiteTeamCountry "GER"]
[BlackTeamCountry "GER"]

1. e4 g6 2. d4 Bg7 3. Nc3 c6 4. a4 d5 5. Nf3 Bg4 6. exd5 cxd5 7. Bb5+ Nc6 8. Be3 Nf6 9. h3 Bxf3 10. Qxf3 0-0 11. 0-0 Nb4 12. Qd1 Rc8 13. Re1 e6 14. Qd2 Qb6 15. a5 Qd8 16. Ra4 Na6 17. Bg5 Nc7 18. Bd3 Qd7 19. Rb4 Qc6 20. Bh6 Nfe8 21. Bxg7 Kxg7 22. Nb5 Nxb5 23. Bxb5 Qc7 24. Rb3 Nd6 25. Bd3 Qd8 26. Qf4 Rc6 27. Ra3 a6 28. Qe5+ Qf6 29. Rb3 Rfc8 30. c3 R8c7 31. Qe3 Nf5 32. Qf4 Nd6 33. Qg3 Nf5 34. Bxf5 Qxf5 35. Qe5+ Qf6 36. f4 Rc4 37. Ra3 Qxe5 38. Rxe5 R7c6 39. Kf2 h5 40. Re3 Kf6 41. Kf3 Rc8 42. Ra1 Rg8 43. h4 Rgc8 44. g3 R8c7 45. Ke2 Kf5 46. Re5+ Kf6 47. Re3 Kf5 1/2-1/2

[Event "Regionalliga SW 0607"]
[Site "Bayern"]
[Date "2007.04.01"]
[Round "8.3"]
[White "Woniak, Katarzyna"]
[Black "Schmidt, Gerhard3"]
[Result "0-1"]
[WhiteElo "1979"]
[BlackElo "2167"]
[PlyCount "77"]
[EventDate "2006.10.15"]
[EventType "team-tourn"]
[EventRounds "9"]
[EventCountry "GER"]
[SourceTitle "EXT 2008"]
[Source "ChessBase"]
[SourceDate "2007.11.25"]
[SourceVersion "1"]
[SourceVersionDate "2007.11.25"]
[SourceQuality "1"]
[WhiteTeam "Augsburg"]
[BlackTeam "Unterhaching"]
[WhiteTeamCountry "GER"]
[BlackTeamCountry "GER"]

1. d4 Nf6 2. e3 d5 3. Bd3 c5 4. c3 e6 5. f4 Bd6 6. Nf3 0-0 7. 0-0 b6 8. Ne5 Ba6 9. Bxa6 Nxa6 10. Nd2 Nb8 11. Rf3 Ne4 12. Rh3 g6 13. g4 Bxe5 14. dxe5 Nc6 15. g5 Nxd2 16. Bxd2 Ne7 17. Qe1 Nf5 18. Rf3 b5 19. h4 a5 20. a3 Qb6 21. Kh2 Rfc8 22. Kh3 Rab8 23. h5 gxh5 24. Qe2 b4 25. axb4 cxb4 26. Rff1 bxc3 27. bxc3 Qb2 28. Qd3 Qb5 29. Qc2 Qe2 30. Qd1 Qd3 31. Rxa5 Rb2 32. Bc1 Qxd1 33. Rxd1 Rb1 34. Ra3 Nxe3 35. Rg1 Nc2 36. Ra7 Rxc3+ 37. Kh2 Nd4 38. Be3 Rb2+ 39. Rg2 0-1

[Event "POL-chT 2nd League"]
[Site "Polanica Zdroj"]
[Date "2004.09.11"]
[Round "10.96"]
[White "Gajdzik, Barbara"]
[Black "Woniak, Katarzyna"]
[Result "0-1"]
[WhiteElo "1800"]
[BlackElo "1997"]
[PlyCount "56"]
[EventDate "2004.09.04"]
[EventType "team-swiss"]
[EventRounds "11"]
[EventCountry "POL"]
[SourceTitle "EXT 2019"]
[Source "ChessBase"]
[SourceDate "2018.10.10"]
[SourceVersion "1"]
[SourceVersionDate "2018.10.10"]
[SourceQuality "1"]
[WhiteTeam "Rzeszow Zelmer II"]
[BlackTeam "Turek Tecza"]
[WhiteTeamCountry "POL"]
[BlackTeamCountry "POL"]

1. e4 d6 2. d4 g6 3. Nc3 Bg7 4. Be3 a6 5. Qd2 Nd7 6. f4 e6 7. Nf3 Ne7 8. h3 b5 9. Bd3 Bb7 10. 0-0 c5 11. e5 dxe5 12. dxe5 0-0 13. Rad1 Nd5 14. Be4 Nxe3 15. Bxb7 Nxf1 16. Kxf1 Nb6 17. Bxa8 Qxa8 18. Qd6 Nc4 19. Qxc5 Rc8 20. Qd4 Nxb2 21. Ne4 Nxd1 22. Nf6+ Bxf6 23. exf6 Rd8 24. Qc5 Qd5 25. Qb6 Nc3 26. Kg1 Ne2+ 27. Kh2 Qd6 28. Qa5 Qxf4+ 0-1

[Event "POL-chT 2nd League"]
[Site "Polanica Zdroj"]
[Date "2004.09.10"]
[Round "9"]
[White "Woniak, Katarzyna"]
[Black "Kowalska, Elzbieta"]
[Result "0-1"]
[WhiteElo "1997"]
[BlackElo "2043"]
[PlyCount "62"]
[EventDate "2004.09.04"]
[EventType "team-swiss"]
[EventRounds "11"]
[EventCountry "POL"]
[SourceTitle "CBM 102 Extra"]
[Source "ChessBase"]
[SourceDate "2004.11.03"]
[SourceVersion "1"]
[SourceVersionDate "2004.11.03"]
[SourceQuality "1"]
[WhiteTeam "Turek Tecza"]
[BlackTeam "Milanowek UKS Jedwabnik"]
[WhiteTeamCountry "POL"]
[BlackTeamCountry "POL"]

1. f4 d5 2. d4 Nf6 3. e3 b6 4. Nf3 Bg4 5. c3 Ne4 6. Nbd2 Nd6 7. Bd3 Bf5 8. Ne5 Bxd3 9. Nxd3 e6 10. 0-0 Nd7 11. Qe1 Nf6 12. e4 Ndxe4 13. f5 exf5 14. Rxf5 Be7 15. Nxe4 Nxe4 16. Ne5 f6 17. Nc6 Qd7 18. Nxe7 Kxe7 19. Rf3 Rae8 20. Qh4 Kd8 21. Qf4 g5 22. Qf5 Qxf5 23. Rxf5 c6 24. a4 Kd7 25. Rf1 h5 26. g3 Re6 27. Kg2 h4 28. g4 Rhe8 29. Kf3 Ke7 30. Be3 Kf7 31. Rae1 Nd6 0-1